000 00303nam a2200109Ia 4500
008 171211s9999 xx 000 0 und d
245 _aSine requie anno XIII
245 _cLeonardo Moretti and Matteo Cortini
260 _c2014
650 _xGAMES
856 _uhttp://down.ebook777.com/058/8895001060.pdf
999 _c348877
_d348877